[Event "WCO 2016"]
[Site "?"]
[Date "2016.09.11"]
[Round "9"]
[Board "20"]
[WhiteID "1033697"]
[White "Keetman Maaike"]
[BlackID "5016193"]
[Black "Soumya Swaminathan"]
[Result "0-1"]
[BlackElo "2379"]
[WhiteElo "2221"]
[LiveChessVersion "1.4.8"]

1. e4 {[%clk 1:30:57]} c5 {[%clk 1:29:21]} 2. Nf3 {[%clk 1:31:21]} Nc6
{[%clk 1:29:45]} 3. Nc3 {[%clk 1:31:39]} e6 {[%clk 1:29:01]} 4. d4
{[%clk 1:31:52]} cxd4 {[%clk 1:29:20]} 5. Nxd4 {[%clk 1:32:17]} Qc7
{[%clk 1:29:25]} 6. Be3 {[%clk 1:32:01]} a6 {[%clk 1:29:40]} 7. Be2
{[%clk 1:29:05]} b5 {[%clk 1:27:56]} 8. Nxc6 {[%clk 1:27:02]} Qxc6
{[%clk 1:27:58]} 9. Bf3 {[%clk 1:24:48]} Bb7 {[%clk 1:27:21]} 10. O-O
{[%clk 1:22:33]} Rc8 {[%clk 1:25:55]} 11. a3 {[%clk 1:12:42]} Qc7
{[%clk 1:18:52]} 12. Qe2 {[%clk 1:04:56]} Bd6 {[%clk 1:12:13]} 13. h3
{[%clk 0:56:46]} Ne7 {[%clk 1:01:52]} 14. Rad1 {[%clk 0:53:00]} Be5
{[%clk 1:01:13]} 15. Bd4 {[%clk 0:38:47]} Nc6 {[%clk 0:58:11]} 16. Bxe5
{[%clk 0:38:53]} Nxe5 {[%clk 0:58:31]} 17. a4 {[%clk 0:27:22]} b4
{[%clk 0:56:58]} 18. Na2 {[%clk 0:27:00]} Qxc2 {[%clk 0:48:43]} 19. Nxb4
{[%clk 0:26:06]} Nxf3+ {[%clk 0:42:18]} 20. Qxf3 {[%clk 0:26:27]} Qxa4
{[%clk 0:42:45]} 21. Nd3 {[%clk 0:18:46]} Qxe4 {[%clk 0:42:29]} 22. Qg3
{[%clk 0:18:44]} O-O {[%clk 0:40:51]} 23. Ne5 {[%clk 0:18:12]} Qb4
{[%clk 0:27:55]} 24. Rxd7 {[%clk 0:09:12]} Qxb2 {[%clk 0:17:23]} 25. Qf4
{[%clk 0:08:35]} Bd5 {[%clk 0:17:15]} 26. Rxf7 {[%clk 0:06:08]} a5
{[%clk 0:16:35]} 27. Re1 {[%clk 0:04:17]} Rxf7 {[%clk 0:10:35]} 28. Qxf7+
{[%clk 0:04:40]} Kh8 {[%clk 0:11:03]} 29. Re3 {[%clk 0:04:04]} a4
{[%clk 0:09:37]} 30. Qd7 {[%clk 0:02:08]} Rf8 {[%clk 0:07:45]} 31. Nd3
{[%clk 0:00:46]} Qd4 {[%clk 0:06:14]} 32. Ne5 {[%clk 0:00:43]} Kg8
{[%clk 0:04:34]} 33. Ng4 {[%clk 0:00:42]} Qf4 {[%clk 0:04:11]} 34. Rg3
{[%clk 0:00:39]} a3 {[%clk 0:00:36]} 35. Qa7 {[%clk 0:00:37]} a2 {[%clk 0:00:44]}
36. Ne3 {[%clk 0:00:43]} Rf7 {[%clk 0:00:49]} 37. Qa5 {[%clk 0:00:47]} Qd4
{[%clk 0:00:39]} 38. Nc2 {[%clk 0:00:46]} Qxf2+ {[%clk 0:00:47]} 39. Kh2
{[%clk 0:01:15]} Qxc2 {[%clk 0:00:59]} 40. Rc3 {[%clk 0:31:31]} Qxg2# 0-1

[Event "WCO 2016"]
[Site "?"]
[Date "2016.09.11"]
[Round "9"]
[Board "22"]
[WhiteID "2908689"]
[White "Nikolova Adriana"]
[BlackID "723894"]
[Black "Lazarne Vajda Szidonia"]
[Result "1/2-1/2"]
[BlackElo "2372"]
[WhiteElo "2358"]
[LiveChessVersion "1.4.8"]

1. e4 {[%clk 1:30:55]} e5 {[%clk 1:30:38]} 2. Nf3 {[%clk 1:31:19]} Nc6
{[%clk 1:31:02]} 3. Nc3 {[%clk 1:31:29]} Nf6 {[%clk 1:31:01]} 4. Bb5
{[%clk 1:31:53]} Bb4 {[%clk 1:30:36]} 5. O-O {[%clk 1:32:03]} O-O
{[%clk 1:30:38]} 6. d3 {[%clk 1:32:26]} Bxc3 {[%clk 1:30:24]} 7. bxc3
{[%clk 1:32:51]} d6 {[%clk 1:30:39]} 8. Bg5 {[%clk 1:33:03]} h6 {[%clk 1:29:50]}
9. Bh4 {[%clk 1:32:14]} Bd7 {[%clk 1:29:16]} 10. Nd2 {[%clk 1:27:17]} g5
{[%clk 1:22:00]} 11. Bg3 {[%clk 1:27:30]} Ne7 {[%clk 1:18:23]} 12. Bxd7
{[%clk 1:13:28]} Qxd7 {[%clk 1:16:41]} 13. d4 {[%clk 1:03:04]} Ng6
{[%clk 1:14:43]} 14. Qf3 {[%clk 1:02:45]} Ne8 {[%clk 1:00:40]} 15. Nc4
{[%clk 0:56:40]} Qe6 {[%clk 0:51:51]} 16. Ne3 {[%clk 0:52:09]} Kh7
{[%clk 0:51:18]} 17. h3 {[%clk 0:40:19]} f6 {[%clk 0:46:45]} 18. a4
{[%clk 0:34:35]} a5 {[%clk 0:46:49]} 19. Qg4 {[%clk 0:28:57]} Qxg4
{[%clk 0:38:24]} 20. hxg4 {[%clk 0:27:18]} Ne7 {[%clk 0:38:27]} 21. f3
{[%clk 0:26:45]} Ng7 {[%clk 0:38:41]} 22. Bf2 {[%clk 0:21:07]} Kg6
{[%clk 0:37:47]} 23. Rab1 {[%clk 0:18:45]} b6 {[%clk 0:37:46]} 24. g3
{[%clk 0:18:19]} Rh8 {[%clk 0:36:47]} 25. Kg2 {[%clk 0:16:21]} h5
{[%clk 0:35:59]} 26. gxh5+ {[%clk 0:11:47]} Rxh5 {[%clk 0:35:25]} 27. Rh1
{[%clk 0:12:05]} Rah8 {[%clk 0:34:22]} 28. Rxh5 {[%clk 0:11:51]} Rxh5
{[%clk 0:34:29]} 29. g4 {[%clk 0:10:18]} Rh8 {[%clk 0:34:34]} 30. d5
{[%clk 0:10:32]} Kf7 {[%clk 0:33:55]} 31. Bg3 {[%clk 0:09:28]} Ng6
{[%clk 0:33:35]} 32. Nc4 {[%clk 0:08:05]} Ke7 {[%clk 0:33:02]} 33. Ne3
{[%clk 0:07:48]} Kd7 {[%clk 0:32:18]} 34. Nc4 {[%clk 0:08:14]} Ke7
{[%clk 0:32:36]} 35. Ne3 {[%clk 0:08:41]} Kd7 {[%clk 0:32:58]} 36. Nc4
{[%clk 0:09:06]} 1/2-1/2

[Event "WCO 2016"]
[Site "?"]
[Date "2016.09.11"]
[Round "9"]
[Board "23"]
[WhiteID "739049"]
[White "Papp Petra"]
[BlackID "2906660"]
[Black "Raeva Elitsa"]
[Result "1/2-1/2"]
[BlackElo "2232"]
[WhiteElo "2336"]
[LiveChessVersion "1.4.8"]

1. e4 {[%clk 1:30:55]} e5 {[%clk 1:30:47]} 2. Nf3 {[%clk 1:31:16]} Nc6
{[%clk 1:31:11]} 3. Bb5 {[%clk 1:31:19]} a6 {[%clk 1:31:31]} 4. Ba4
{[%clk 1:31:40]} Nf6 {[%clk 1:31:40]} 5. O-O {[%clk 1:31:34]} Be7
{[%clk 1:31:37]} 6. Re1 {[%clk 1:30:29]} b5 {[%clk 1:31:58]} 7. Bb3
{[%clk 1:30:51]} O-O {[%clk 1:32:06]} 8. c3 {[%clk 1:30:39]} d6 {[%clk 1:31:56]}
9. h3 {[%clk 1:30:47]} Nb8 {[%clk 1:31:55]} 10. d4 {[%clk 1:29:55]} Nbd7
{[%clk 1:32:06]} 11. Nbd2 {[%clk 1:29:18]} Bb7 {[%clk 1:32:24]} 12. Bc2
{[%clk 1:29:01]} Re8 {[%clk 1:32:07]} 13. Nf1 {[%clk 1:27:52]} Bf8
{[%clk 1:31:08]} 14. Ng3 {[%clk 1:27:48]} g6 {[%clk 1:30:09]} 15. a4
{[%clk 1:26:38]} Bg7 {[%clk 1:22:19]} 16. Bd3 {[%clk 1:20:42]} c6
{[%clk 1:19:25]} 17. b3 {[%clk 1:13:49]} Qc7 {[%clk 1:02:39]} 18. Bb2
{[%clk 1:12:04]} Rad8 {[%clk 0:54:11]} 19. Qc2 {[%clk 1:10:59]} Nf8
{[%clk 0:37:14]} 20. Bf1 {[%clk 1:07:15]} N6d7 {[%clk 0:24:14]} 21. Rad1
{[%clk 0:59:36]} Ne6 {[%clk 0:24:24]} 22. Ba3 {[%clk 0:55:09]} bxa4
{[%clk 0:22:42]} 23. bxa4 {[%clk 0:55:03]} d5 {[%clk 0:23:04]} 24. Qb3
{[%clk 0:43:22]} Rb8 {[%clk 0:22:15]} 25. Qa2 {[%clk 0:39:34]} Nf4
{[%clk 0:17:48]} 26. Rc1 {[%clk 0:33:11]} c5 {[%clk 0:11:59]} 27. dxe5
{[%clk 0:22:50]} Nxe5 {[%clk 0:11:55]} 28. Nxe5 {[%clk 0:22:25]} Bxe5
{[%clk 0:11:37]} 29. exd5 {[%clk 0:21:16]} Bxd5 {[%clk 0:11:16]} 30. c4
{[%clk 0:20:21]} Ba8 {[%clk 0:10:42]} 31. Rb1 {[%clk 0:17:25]} Bd4
{[%clk 0:08:59]} 32. Rxb8 {[%clk 0:12:41]} Rxb8 {[%clk 0:09:21]} 33. Ne4
{[%clk 0:06:43]} f5 {[%clk 0:06:05]} 34. Ng5 {[%clk 0:05:20]} h6 {[%clk 0:05:46]}
35. Ne6 {[%clk 0:03:15]} Nxh3+ {[%clk 0:04:11]} 36. Kh1 {[%clk 0:02:19]} Qa5
{[%clk 0:02:57]} 37. Re2 {[%clk 0:01:23]} Qc3 {[%clk 0:01:24]} 38. Nxd4
{[%clk 0:00:43]} Qxd4 {[%clk 0:01:32]} 39. Kh2 {[%clk 0:00:40]} Ng5
{[%clk 0:01:30]} 40. Re3 {[%clk 0:30:37]} Qh4+ {[%clk 0:30:47]} 41. Kg1
{[%clk 0:28:57]} f4 {[%clk 0:19:01]} 42. Rb3 {[%clk 0:25:45]} Re8
{[%clk 0:19:07]} 43. Qb2 {[%clk 0:22:02]} Qg4 {[%clk 0:12:53]} 44. Qf6
{[%clk 0:19:28]} Ne4 {[%clk 0:05:58]} 45. Qb2 {[%clk 0:17:40]} Ng5
{[%clk 0:02:43]} 46. Qf6 {[%clk 0:18:06]} Ne4 {[%clk 0:01:49]} 47. Qb2
{[%clk 0:17:40]} Ng5 {[%clk 0:00:43]} 48. Qf6 {[%clk 0:17:52]} Ne4
{[%clk 0:00:39]} 1/2-1/2

[Event "WCO 2016"]
[Site "?"]
[Date "2016.09.11"]
[Round "9"]
[Board "24"]
[WhiteID "2900602"]
[White "Voiska Margarita"]
[BlackID "709751"]
[Black "Gara Anita"]
[Result "1/2-1/2"]
[BlackElo "2355"]
[WhiteElo "2290"]
[LiveChessVersion "1.4.8"]

1. d4 {[%clk 1:30:54]} Nf6 {[%clk 1:30:55]} 2. Nf3 {[%clk 1:30:53]} g6
{[%clk 1:31:22]} 3. g3 {[%clk 1:30:09]} Bg7 {[%clk 1:31:48]} 4. Bg2
{[%clk 1:30:35]} c5 {[%clk 1:32:08]} 5. c4 {[%clk 1:29:26]} cxd4 {[%clk 1:32:13]}
6. Nxd4 {[%clk 1:29:24]} O-O {[%clk 1:31:46]} 7. Nc3 {[%clk 1:29:00]} Nc6
{[%clk 1:32:11]} 8. Nc2 {[%clk 1:26:53]} d6 {[%clk 1:31:58]} 9. O-O
{[%clk 1:25:39]} Be6 {[%clk 1:32:12]} 10. b3 {[%clk 1:20:35]} Qd7
{[%clk 1:30:11]} 11. Bg5 {[%clk 1:06:45]} Bh3 {[%clk 1:19:28]} 12. Qd2
{[%clk 1:03:33]} Bxg2 {[%clk 1:19:10]} 13. Kxg2 {[%clk 1:03:59]} Rfd8
{[%clk 1:16:25]} 14. e4 {[%clk 0:59:38]} Rac8 {[%clk 1:05:13]} 15. Rae1
{[%clk 0:55:40]} e6 {[%clk 0:57:28]} 16. f3 {[%clk 0:42:22]} a6 {[%clk 0:54:55]}
17. Ne3 {[%clk 0:33:24]} Ne7 {[%clk 0:53:06]} 18. a4 {[%clk 0:27:29]} Rc5
{[%clk 0:50:04]} 19. Bxf6 {[%clk 0:26:28]} Bxf6 {[%clk 0:50:30]} 20. Ng4
{[%clk 0:26:20]} Bg7 {[%clk 0:50:53]} 21. Rc1 {[%clk 0:23:27]} Qc7
{[%clk 0:47:20]} 22. Nf2 {[%clk 0:20:29]} Qb6 {[%clk 0:39:15]} 23. Qa2
{[%clk 0:19:58]} Nc6 {[%clk 0:31:54]} 24. Nd3 {[%clk 0:17:04]} Nb4
{[%clk 0:31:41]} 25. Nxb4 {[%clk 0:17:29]} Qxb4 {[%clk 0:32:09]} 26. Ne2
{[%clk 0:17:15]} Bh6 {[%clk 0:26:12]} 27. Rc2 {[%clk 0:15:57]} Rdc8
{[%clk 0:22:05]} 28. Nc1 {[%clk 0:15:50]} R5c6 {[%clk 0:22:23]} 29. Nd3
{[%clk 0:15:41]} Qb6 {[%clk 0:22:49]} 30. Re2 {[%clk 0:12:12]} Qa5
{[%clk 0:20:46]} 31. Rd1 {[%clk 0:10:39]} Bg5 {[%clk 0:18:26]} 32. f4
{[%clk 0:07:00]} Bh6 {[%clk 0:18:26]} 33. Qd2 {[%clk 0:06:29]} Qh5
{[%clk 0:17:07]} 34. h3 {[%clk 0:05:41]} Rb6 {[%clk 0:12:34]} 35. Qe1
{[%clk 0:05:05]} Bg7 {[%clk 0:11:35]} 36. g4 {[%clk 0:04:15]} Qh6
{[%clk 0:12:03]} 37. Rb1 {[%clk 0:03:53]} g5 {[%clk 0:10:52]} 38. f5
{[%clk 0:04:07]} Qf6 {[%clk 0:10:25]} 39. e5 {[%clk 0:00:44]} dxe5
{[%clk 0:10:01]} 40. c5 {[%clk 0:30:36]} Rbc6 {[%clk 0:37:32]} 41. Nxe5
{[%clk 0:26:34]} exf5 {[%clk 0:27:10]} 42. Nxc6 {[%clk 0:22:58]} Qxc6+
{[%clk 0:27:33]} 43. Kh2 {[%clk 0:23:21]} fxg4 {[%clk 0:19:59]} 44. hxg4
{[%clk 0:23:42]} Qxc5 {[%clk 0:15:12]} 45. Rd1 {[%clk 0:12:37]} Bf8
{[%clk 0:11:55]} 46. Qd2 {[%clk 0:10:23]} Rc6 {[%clk 0:11:35]} 47. Qd5
{[%clk 0:09:28]} Rh6+ {[%clk 0:09:51]} 48. Kg2 {[%clk 0:09:36]} Qc3
{[%clk 0:09:00]} 49. Qxg5+ {[%clk 0:06:59]} Rg6 {[%clk 0:09:19]} 50. Qf5
{[%clk 0:06:49]} Bd6 {[%clk 0:06:08]} 51. Qf3 {[%clk 0:04:36]} Qb4
{[%clk 0:05:29]} 52. Re8+ {[%clk 0:04:36]} Kg7 {[%clk 0:05:22]} 53. Re4
{[%clk 0:05:01]} Qc5 {[%clk 0:05:19]} 54. Rc4 {[%clk 0:05:06]} Qe5
{[%clk 0:03:56]} 55. Qc3 {[%clk 0:03:50]} Qxc3 {[%clk 0:04:23]} 56. Rxc3
{[%clk 0:04:16]} Rxg4+ {[%clk 0:04:48]} 57. Kf2 {[%clk 0:03:57]} Be5
{[%clk 0:04:47]} 58. Rcd3 {[%clk 0:03:39]} Rb4 {[%clk 0:04:19]} 59. Rg1+
{[%clk 0:03:46]} Kf8 {[%clk 0:03:45]} 60. Rh1 {[%clk 0:04:04]} Kg7
{[%clk 0:03:45]} 61. Rg1+ {[%clk 0:04:26]} Kf8 {[%clk 0:03:58]} 62. Rh1
{[%clk 0:04:50]} Kg7 {[%clk 0:04:25]} 63. Rg1+ {[%clk 0:05:16]} Kf8
{[%clk 0:04:47]} 1/2-1/2

[Event "WCO 2016"]
[Site "?"]
[Date "2016.09.11"]
[Round "9"]
[Board "1"]
[WhiteID "13601903"]
[White "Dzagnidze Nana"]
[BlackID "14000059"]
[Black "Geldiyeva Mahri"]
[Result "1/2-1/2"]
[BlackElo "2285"]
[WhiteElo "2522"]
[LiveChessVersion "1.4.8"]

1. d4 {[%clk 1:30:52]} Nf6 {[%clk 1:30:52]} 2. c4 {[%clk 1:30:45]} e6
{[%clk 1:31:06]} 3. Nf3 {[%clk 1:30:52]} d5 {[%clk 1:30:50]} 4. g3
{[%clk 1:28:45]} Bd6 {[%clk 1:26:14]} 5. Bg2 {[%clk 1:28:21]} O-O
{[%clk 1:26:32]} 6. Qc2 {[%clk 1:27:02]} c6 {[%clk 1:19:37]} 7. O-O
{[%clk 1:25:50]} Ne4 {[%clk 1:19:40]} 8. Bf4 {[%clk 1:20:40]} Bxf4
{[%clk 1:14:31]} 9. gxf4 {[%clk 1:21:07]} Nd7 {[%clk 1:14:52]} 10. Ne5
{[%clk 1:12:55]} f5 {[%clk 1:11:19]} 11. e3 {[%clk 1:02:36]} Rf6 {[%clk 1:06:07]}
12. f3 {[%clk 0:54:13]} Nd6 {[%clk 1:06:21]} 13. Nd2 {[%clk 0:54:31]} Nf8
{[%clk 1:00:53]} 14. Rf2 {[%clk 0:53:15]} Nf7 {[%clk 0:51:16]} 15. Kh1
{[%clk 0:51:08]} Rh6 {[%clk 0:51:06]} 16. Bf1 {[%clk 0:51:07]} Nxe5
{[%clk 0:43:29]} 17. fxe5 {[%clk 0:51:24]} f4 {[%clk 0:43:41]} 18. e4
{[%clk 0:50:52]} Bd7 {[%clk 0:43:02]} 19. Qb3 {[%clk 0:38:59]} Be8
{[%clk 0:36:25]} 20. Rg2 {[%clk 0:37:51]} b6 {[%clk 0:31:12]} 21. Rd1
{[%clk 0:24:31]} Bf7 {[%clk 0:26:30]} 22. exd5 {[%clk 0:20:25]} cxd5
{[%clk 0:17:36]} 23. cxd5 {[%clk 0:19:27]} exd5 {[%clk 0:17:51]} 24. Nb1
{[%clk 0:19:48]} Ng6 {[%clk 0:15:08]} 25. Bd3 {[%clk 0:18:48]} Nh4
{[%clk 0:13:36]} 26. Rf2 {[%clk 0:19:17]} Qd7 {[%clk 0:13:40]} 27. Rg1
{[%clk 0:16:51]} Rd8 {[%clk 0:12:59]} 28. Nc3 {[%clk 0:14:42]} Qh3
{[%clk 0:11:03]} 29. Bf1 {[%clk 0:14:59]} Qe6 {[%clk 0:10:55]} 30. Ne2
{[%clk 0:13:55]} Qf5 {[%clk 0:10:33]} 31. Rg4 {[%clk 0:13:59]} Ng6
{[%clk 0:08:50]} 32. Qd1 {[%clk 0:13:05]} Rh4 {[%clk 0:08:10]} 33. Rfg2
{[%clk 0:12:52]} Rxg4 {[%clk 0:07:37]} 34. Rxg4 {[%clk 0:13:20]} Be6
{[%clk 0:07:33]} 35. Qd2 {[%clk 0:06:30]} Qh5 {[%clk 0:05:27]} 36. Rg1
{[%clk 0:04:07]} Qxf3+ {[%clk 0:04:47]} 37. Bg2 {[%clk 0:04:36]} Qh5
{[%clk 0:05:16]} 38. Rf1 {[%clk 0:02:36]} Rf8 {[%clk 0:03:42]} 39. Qd3
{[%clk 0:03:05]} Qh6 {[%clk 0:02:20]} 40. Qb5 {[%clk 0:32:30]} Ne7
{[%clk 0:31:52]} 41. Nxf4 {[%clk 0:32:33]} g5 {[%clk 0:25:14]} 42. Nxe6
{[%clk 0:24:48]} Qxe6 {[%clk 0:24:01]} 43. Qd3 {[%clk 0:16:12]} Rxf1+
{[%clk 0:23:17]} 44. Qxf1 {[%clk 0:16:35]} Kg7 {[%clk 0:23:33]} 45. Kg1
{[%clk 0:11:13]} h6 {[%clk 0:18:44]} 46. Bh3 {[%clk 0:10:23]} Qg6
{[%clk 0:13:08]} 47. Bd7 {[%clk 0:09:16]} Qf7 {[%clk 0:10:12]} 48. Qxf7+
{[%clk 0:08:07]} Kxf7 {[%clk 0:10:38]} 49. Kf2 {[%clk 0:08:31]} Ng6
{[%clk 0:10:17]} 50. Bf5 {[%clk 0:08:01]} Nf4 {[%clk 0:10:42]} 51. Kf3
{[%clk 0:07:50]} Ke7 {[%clk 0:10:06]} 52. h4 {[%clk 0:07:51]} Kf7
{[%clk 0:09:29]} 53. hxg5 {[%clk 0:07:45]} hxg5 {[%clk 0:09:57]} 54. Kf2
{[%clk 0:06:58]} 1/2-1/2

[Event "WCO 2016"]
[Site "?"]
[Date "2016.09.11"]
[Round "9"]
[Board "2"]
[WhiteID "14001888"]
[White "Ovezdurdiyeva Jemal"]
[BlackID "13601458"]
[Black "Javakhishvili Lela"]
[Result "1/2-1/2"]
[BlackElo "2486"]
[WhiteElo "2031"]
[LiveChessVersion "1.4.8"]

1. d4 {[%clk 1:30:58]} Nf6 {[%clk 1:30:50]} 2. c4 {[%clk 1:31:22]} e6
{[%clk 1:31:14]} 3. Nc3 {[%clk 1:31:49]} Bb4 {[%clk 1:31:39]} 4. e3
{[%clk 1:32:16]} O-O {[%clk 1:32:02]} 5. Nge2 {[%clk 1:32:44]} d5
{[%clk 1:32:14]} 6. a3 {[%clk 1:33:09]} Be7 {[%clk 1:32:39]} 7. cxd5
{[%clk 1:33:34]} exd5 {[%clk 1:33:05]} 8. Ng3 {[%clk 1:33:46]} a5
{[%clk 1:32:40]} 9. Bd3 {[%clk 1:33:58]} Re8 {[%clk 1:32:53]} 10. O-O
{[%clk 1:34:19]} Na6 {[%clk 1:33:10]} 11. Bd2 {[%clk 1:28:58]} c6
{[%clk 1:28:00]} 12. e4 {[%clk 1:18:41]} dxe4 {[%clk 1:24:33]} 13. Ncxe4
{[%clk 1:18:41]} Nc7 {[%clk 1:20:21]} 14. Bc3 {[%clk 1:08:34]} Nfd5
{[%clk 1:16:49]} 15. Qf3 {[%clk 1:00:57]} Bf8 {[%clk 1:12:58]} 16. Nh5
{[%clk 0:50:30]} Qh4 {[%clk 1:08:57]} 17. h3 {[%clk 0:39:39]} Be6
{[%clk 0:54:01]} 18. Bd2 {[%clk 0:25:08]} h6 {[%clk 0:50:25]} 19. Nf4
{[%clk 0:22:40]} Nxf4 {[%clk 0:45:47]} 20. Qxf4 {[%clk 0:22:53]} Qxf4
{[%clk 0:43:57]} 21. Bxf4 {[%clk 0:23:21]} Nd5 {[%clk 0:43:04]} 22. Bg3
{[%clk 0:23:03]} f5 {[%clk 0:28:23]} 23. Nc3 {[%clk 0:20:32]} Nb6
{[%clk 0:24:42]} 24. Rfe1 {[%clk 0:19:24]} Kf7 {[%clk 0:22:15]} 25. Re2
{[%clk 0:17:10]} g6 {[%clk 0:19:10]} 26. Bc7 {[%clk 0:13:02]} Nd5
{[%clk 0:17:04]} 27. Nxd5 {[%clk 0:13:25]} Bxd5 {[%clk 0:17:27]} 28. Rxe8
{[%clk 0:11:50]} Kxe8 {[%clk 0:17:55]} 29. g4 {[%clk 0:11:42]} Kd7
{[%clk 0:15:37]} 30. Be5 {[%clk 0:11:16]} Be6 {[%clk 0:13:27]} 31. f4
{[%clk 0:09:44]} b5 {[%clk 0:12:39]} 32. h4 {[%clk 0:09:02]} h5 {[%clk 0:11:37]}
33. gxh5 {[%clk 0:07:56]} gxh5 {[%clk 0:12:05]} 34. Kh2 {[%clk 0:08:21]} Be7
{[%clk 0:10:02]} 35. Rg1 {[%clk 0:07:24]} b4 {[%clk 0:06:56]} 36. axb4
{[%clk 0:05:39]} axb4 {[%clk 0:07:09]} 37. Rg7 {[%clk 0:06:02]} Ke8
{[%clk 0:05:33]} 38. Be2 {[%clk 0:04:51]} Ra2 {[%clk 0:04:21]} 39. Bxh5+
{[%clk 0:05:02]} Kf8 {[%clk 0:04:23]} 40. Rg2 {[%clk 0:34:24]} Bxh4
{[%clk 0:31:50]} 41. Kh3 {[%clk 0:32:35]} Bd8 {[%clk 0:24:03]} 42. Rg6
{[%clk 0:24:29]} Bd5 {[%clk 0:14:32]} 43. Bd6+ {[%clk 0:23:12]} Kf7
{[%clk 0:14:53]} 44. Be5 {[%clk 0:14:30]} Kf8 {[%clk 0:12:07]} 45. Bd6+
{[%clk 0:10:17]} Kf7 {[%clk 0:12:30]} 46. Bxb4 {[%clk 0:09:06]} Bf3
{[%clk 0:10:28]} 47. Rd6+ {[%clk 0:06:50]} Bxh5 {[%clk 0:10:51]} 48. Rxd8
{[%clk 0:07:19]} Rxb2 {[%clk 0:11:02]} 49. Bc5 {[%clk 0:07:27]} Bf3
{[%clk 0:10:35]} 50. Kh4 {[%clk 0:06:10]} Rg2 {[%clk 0:10:02]} 51. Rd7+
{[%clk 0:06:10]} 1/2-1/2

[Event "WCO 2016"]
[Site "?"]
[Date "2016.09.11"]
[Round "9"]
[Board "3"]
[WhiteID "13602640"]
[White "Khotenashvili Bela"]
[BlackID "14001896"]
[Black "Atabayeva Gozel"]
[Result "1-0"]
[BlackElo "2021"]
[WhiteElo "2463"]
[LiveChessVersion "1.4.8"]

1. d4 {[%clk 1:30:57]} Nf6 {[%clk 1:30:55]} 2. c4 {[%clk 1:31:17]} e6
{[%clk 1:31:06]} 3. Nf3 {[%clk 1:31:33]} d5 {[%clk 1:31:10]} 4. g3
{[%clk 1:31:40]} Ne4 {[%clk 1:29:09]} 5. Nc3 {[%clk 1:28:48]} Bb4
{[%clk 1:28:12]} 6. Qa4+ {[%clk 1:19:58]} Nc6 {[%clk 1:27:53]} 7. Qc2
{[%clk 1:20:15]} O-O {[%clk 1:25:53]} 8. Bg2 {[%clk 1:18:24]} Na5
{[%clk 1:12:50]} 9. cxd5 {[%clk 1:09:52]} exd5 {[%clk 1:12:58]} 10. O-O
{[%clk 1:10:08]} Nxc3 {[%clk 1:07:59]} 11. bxc3 {[%clk 1:10:27]} Be7
{[%clk 1:07:53]} 12. Ne5 {[%clk 0:54:49]} f6 {[%clk 1:01:56]} 13. Nd3
{[%clk 0:49:01]} Bf5 {[%clk 0:58:44]} 14. f3 {[%clk 0:49:01]} c6 {[%clk 0:57:14]}
15. e4 {[%clk 0:46:40]} Bg6 {[%clk 0:57:03]} 16. Nf4 {[%clk 0:45:21]} Bf7
{[%clk 0:57:01]} 17. Bh3 {[%clk 0:39:20]} Qd6 {[%clk 0:54:11]} 18. Re1
{[%clk 0:39:15]} Nc4 {[%clk 0:54:19]} 19. exd5 {[%clk 0:38:26]} cxd5
{[%clk 0:54:14]} 20. Ne6 {[%clk 0:37:41]} Bxe6 {[%clk 0:42:22]} 21. Rxe6
{[%clk 0:31:13]} Qd8 {[%clk 0:40:07]} 22. Bf5 {[%clk 0:31:02]} Kf7
{[%clk 0:36:52]} 23. Re2 {[%clk 0:24:13]} g6 {[%clk 0:35:03]} 24. Bh6
{[%clk 0:22:52]} gxf5 {[%clk 0:32:57]} 25. Qxf5 {[%clk 0:23:08]} Ke8
{[%clk 0:33:09]} 26. Bxf8 {[%clk 0:18:49]} Kxf8 {[%clk 0:33:22]} 27. Rae1
{[%clk 0:19:07]} Ba3 {[%clk 0:33:13]} 28. Qxh7 {[%clk 0:17:00]} Rb8
{[%clk 0:31:50]} 29. Re6 {[%clk 0:15:04]} 1-0

[Event "WCO 2016"]
[Site "?"]
[Date "2016.09.11"]
[Round "9"]
[Board "4"]
[WhiteID "14000679"]
[White "Hallaeva Bahar"]
[BlackID "13602993"]
[Black "Batsiashvili Nino"]
[Result "0-1"]
[BlackElo "2474"]
[WhiteElo "2103"]
[LiveChessVersion "1.4.8"]

1. e4 {[%clk 1:30:59]} e5 {[%clk 1:30:53]} 2. Nf3 {[%clk 1:31:21]} Nc6
{[%clk 1:31:17]} 3. Bc4 {[%clk 1:31:41]} Nf6 {[%clk 1:31:42]} 4. d3
{[%clk 1:32:00]} Be7 {[%clk 1:32:06]} 5. c3 {[%clk 1:28:41]} O-O {[%clk 1:32:12]}
6. Bb3 {[%clk 1:24:29]} d5 {[%clk 1:30:58]} 7. Qe2 {[%clk 1:24:05]} dxe4
{[%clk 1:29:36]} 8. dxe4 {[%clk 1:24:33]} Bc5 {[%clk 1:28:21]} 9. Bg5
{[%clk 1:21:02]} h6 {[%clk 1:24:11]} 10. Bh4 {[%clk 1:18:06]} Be7
{[%clk 1:04:14]} 11. Bg3 {[%clk 1:09:49]} Nh5 {[%clk 0:49:02]} 12. Bxe5
{[%clk 0:59:18]} Bg4 {[%clk 0:49:20]} 13. Bg3 {[%clk 0:57:23]} Nxg3
{[%clk 0:48:41]} 14. fxg3 {[%clk 0:46:39]} Ne5 {[%clk 0:47:04]} 15. Bc2
{[%clk 0:39:25]} Qd6 {[%clk 0:35:04]} 16. Nbd2 {[%clk 0:32:49]} Rad8
{[%clk 0:34:43]} 17. Nb3 {[%clk 0:28:51]} Qb6 {[%clk 0:31:23]} 18. Qf2
{[%clk 0:27:53]} Nc4 {[%clk 0:25:24]} 19. Qxb6 {[%clk 0:21:23]} axb6
{[%clk 0:25:42]} 20. Rb1 {[%clk 0:21:36]} Rfe8 {[%clk 0:14:54]} 21. Kf2
{[%clk 0:18:36]} Bc5+ {[%clk 0:11:20]} 22. Nxc5 {[%clk 0:15:10]} Bxf3
{[%clk 0:10:21]} 23. Ba4 {[%clk 0:10:11]} Bxe4 {[%clk 0:10:28]} 24. Nxe4
{[%clk 0:05:32]} Rxe4 {[%clk 0:10:54]} 25. Rhd1 {[%clk 0:05:57]} Rxd1
{[%clk 0:09:04]} 26. Rxd1 {[%clk 0:06:25]} Nd6 {[%clk 0:09:27]} 27. Bb3
{[%clk 0:06:17]} Kf8 {[%clk 0:09:49]} 28. Bd5 {[%clk 0:05:18]} Re5
{[%clk 0:10:12]} 29. Bf3 {[%clk 0:04:14]} Ke7 {[%clk 0:10:30]} 30. Re1
{[%clk 0:03:08]} Kf6 {[%clk 0:10:25]} 31. Rd1 {[%clk 0:02:42]} Ke6
{[%clk 0:09:28]} 32. b3 {[%clk 0:00:51]} b5 {[%clk 0:08:48]} 33. Rd2
{[%clk 0:01:03]} f5 {[%clk 0:08:20]} 34. Rd4 {[%clk 0:00:48]} Rc5
{[%clk 0:08:28]} 35. Rd3 {[%clk 0:00:50]} Ne4+ {[%clk 0:06:06]} 36. Ke3
{[%clk 0:00:37]} Ke5 {[%clk 0:06:27]} 37. Bxe4 {[%clk 0:00:35]} fxe4
{[%clk 0:06:55]} 38. Rd7 {[%clk 0:00:48]} Rxc3+ {[%clk 0:07:09]} 39. Kd2
{[%clk 0:01:10]} Rd3+ {[%clk 0:05:45]} 40. Rxd3 {[%clk 0:31:34]} exd3
{[%clk 0:36:12]} 41. Kxd3 {[%clk 0:32:00]} c5 {[%clk 0:36:30]} 42. a3
{[%clk 0:11:04]} Kd5 {[%clk 0:36:27]} 43. Kc3 {[%clk 0:10:42]} Ke4
{[%clk 0:36:05]} 44. g4 {[%clk 0:07:07]} Kd5 {[%clk 0:34:00]} 45. a4
{[%clk 0:00:39]} bxa4 {[%clk 0:34:13]} 46. bxa4 {[%clk 0:01:05]} b6
{[%clk 0:33:34]} 0-1